| 000 | 00598nam a2200193 a 4500 | ||
|---|---|---|---|
| 001 | 000470210 | ||
| 003 | AM-YeHGA | ||
| 005 | 20250617133827.0 | ||
| 008 | 060110s1923 ru ||||gr|||||||||||rus|| | ||
| 040 | _aAM-YeHGA | ||
| 041 | 0 | _arus | |
| 100 | 1 | _aВиппер, Роберт Юрьевич | |
| 245 | 1 | 0 |
_aВозникновение христианства / _cР.Ю. Виппер. |
| 260 |
_aМосква : _bРаботник просвещения, _c1923. |
||
| 300 |
_a87 с. ; _c23 см. |
||
| 650 | 1 | 4 |
_aРелигия _vХристианство |
| 942 |
_2udc _cBK |
||
| 090 | _c173252 | ||
| 999 |
_c171814 _d171814 |
||